Central Library OPAC University of Rajshahi

অভিজ্ঞান-শকুন্তলম / (Record no. 44767)

MARC details
000 -LEADER
fixed length control field 00982nam a2200265 a 4500
001 - CONTROL NUMBER
control field 44767
003 - CONTROL NUMBER IDENTIFIER
rucl marc code BD-RjUL
005 - DATE AND TIME OF LATEST TRANSACTION
control field 20211209053920.0
008 - FIXED-LENGTH DATA ELEMENTS--GENERAL INFORMATION
fixed length control field 160720s1992 ii ||||| |||| 00| 0 ben d
035 ## - SYSTEM CONTROL NUMBER
System control number (BD-RjUL)44885
040 ## - CATALOGING SOURCE
Original cataloging agency BD-RjUL
Language of cataloging ben
Transcribing agency BD-RjUL
041 ## - LANGUAGE CODE
Language code of text/sound track or separate title ben
082 ## - DEWEY DECIMAL CLASSIFICATION NUMBER
Edition number 23
Classification number 891.22
Author mark and year KAO 1992
100 1# - MAIN ENTRY--PERSONAL NAME
Personal name কালিদাস
9 (RLIN) 136545
245 10 - TITLE STATEMENT
Title অভিজ্ঞান-শকুন্তলম /
Statement of responsibility, etc. কালিদাস.
246 ## - VARYING FORM OF TITLE
Title proper/short title
250 ## - EDITION STATEMENT
Edition statement ২য় সং
260 ## - PUBLICATION, DISTRIBUTION, ETC. (IMPRINT)
Place of publication, distribution, etc. কলিকাতা :
Name of publisher, distributor, etc. সংস্কৃত পুস্তক ভান্ডার,
Date of publication, distribution, etc. ১৯৯২
300 ## - PHYSICAL DESCRIPTION
Pagination [ফ], ৬৪৬ পৃ. ;
Size ২১ সেমি.
650 ## - SUBJECT ADDED ENTRY--TOPICAL TERM
Topical term or geographic name as entry element সংস্কৃত নাটক
9 (RLIN) 137241
Topical term or geographic name as entry element Sanskrit drama.
9 (RLIN) 137242
Topical term or geographic name as entry element Sanskrit drama
General subdivision Translations into Bengali
9 (RLIN) 137353
700 ## - ADDED ENTRY--PERSONAL NAME
Personal name চক্রবর্তী, সত্যনারায়ণ, সম্পাদক.
942 ## - ADDED ENTRY ELEMENTS (KOHA)
Source of classification or shelving scheme Dewey Decimal Classification
Koha item type Books
Holdings
Lost status Source of classification or shelving scheme Damaged status Not for loan Collection code Permanent Location Current Location Shelving location Date acquired Source of acquisition Cost, normal purchase price Total Checkouts Full call number Date last seen Date checked out Copy number Koha item type
  Dewey Decimal Classification     Non-fiction Central Library, University of Rajshahi Central Library, University of Rajshahi   26/05/1996 Aligor Library, Rajshahi 175.00 1 B 891.22 KAO 1992 27/12/2023 06/12/2023 C-2 Books
  Dewey Decimal Classification     Non-fiction Central Library, University of Rajshahi Central Library, University of Rajshahi   26/05/1996 Uttorbango lib.,Rajshahi. 175.00   B 891.22 KAO 1992 14/08/2016   C-3 Books
  Dewey Decimal Classification     Non-fiction Central Library, University of Rajshahi Central Library, University of Rajshahi   26/05/1996 Uttorbango lib.,Rajshahi. 175.00   B 891.22 KAO 1992 26/09/2016   C-4 Books
  Dewey Decimal Classification     Non-fiction Central Library, University of Rajshahi Central Library, University of Rajshahi   26/05/1995 Bangla Academy, Dhaka 177.00   B 891.22 KAO 1992 27/11/2016   C-5 Books
  Dewey Decimal Classification   Not For Loan Non-fiction Central Library, University of Rajshahi Central Library, University of Rajshahi Reading Room 26/05/1996 Uttar Bongo Library, Rajshahi 175.00   B 891.22 KAO 1992 30/01/2017   C-1 Books